000 00593nam a2200217Ii 4500
001 16657
003 CO-ViMGA
008 241108s9999||||xx |||||||||||||| ||und||
020 _a9789588854393
040 _aCO-ViMGA
_bspa
_erda
_cCO-ViMGA
041 0 _aspa
084 _aP FIG2
100 1 _aMercedes Figuerola
_950519
245 1 0 _aSal, caracol
264 1 _aBogotá, Colombia : Edelvives, 2012
300 _avolumen
336 _atext
_btxt
_2rdacontent
337 _aunmediated
_bn
_2rdamedia
338 _avolume
_bnc
_2rdacarrier
940 _aidficha_siabuc: 16326. -- ficha_no_siabuc:16657
999 _c45204
_d45204